01250 2200241 4500001002100000005001500021035002000036245004600056100002800102300002600130700001800156700002700174260003000201082000800231084001400239020002200253650001200275520062300287008004100910990001900951990001900970990001900989INLIS00000000001487620251007020656 a0010-10250000161 aEkonomi teknik /cMuhammad Faisal Ibrahim0 aMuhammad Faisal Ibrahim axiv, 226 hlm.; 23 cm.0 aMira Rinienta0 aErang Risanto (editor) aYogyakarta :bAndi,c2020 a330 a330 MUH e a978-623-01-0418-3 aEkonomi aMateri di dalam buku ini mengupas satu persatu metode analisis yang dapat membantu pengambilan keputusan dari sebuah proyek Teknik. Tidak hanya itu, buku ini juga memperkenalkan istilah serta metode dalam ilmu ekonomi yang harus diperhitungkan dalam merencanakan proyek Teknik. Langkah-langkah rinci dalam aplikasi piranti Microsoft Excel yang dapat diikuti secara mudah menambah informasi yang terkemas dalam satu paket lengkap. Buku ini cocok untuk dimiliki siapa saja yang tertarik mengenai bagaimana ekonomi Teknik dapat diaplikasikan, baik tingkat akademik maupun praktisi perencanaan dan pelaksanaan di lapangan.251007 d 0 ind  a025.4262/PC/25 a025.4263/PC/25 a025.4264/PC/25